| 000 | 00546nai a2200169Ia 4500 | ||
|---|---|---|---|
| 003 | IN-BaIIA | ||
| 008 | 211028c9999 xx s 000 0 eng d | ||
| 022 | _a1384-1076 (Online) | ||
| 040 | _cIIA Library | ||
| 245 | 0 |
_aNew Astronomy _h[eJournal] |
|
| 260 |
_aAmsterdam _bNorth-Holland |
||
| 310 | _aSemi-Quarterly | ||
| 362 | _a1(1); 1996 - Present | ||
| 521 | _bSubscribed through National Knowledge Resource Consortium (NKRC) | ||
| 856 |
_uhttps://www.sciencedirect.com/science/journal/13841076 _yClick Here to Access eJournal |
||
| 942 | _cEJ | ||
| 999 |
_c35403 _d35403 |
||